MARC details
| 000 -CABECERA |
| campo de control de longitud fija |
02169nam a2200301 i 4500 |
| 001 - NÚMERO DE CONTROL |
| campo de control |
000046285 |
| 003 - IDENTIFICADOR DEL NÚMERO DE CONTROL |
| campo de control |
DO-SdBNP |
| 005 - FECHA Y HORA DE LA ÚLTIMA TRANSACCIÓN |
| campo de control |
20230511135053.0 |
| 007 - CAMPO FIJO DE DESCRIPCIÓN FÍSICA--INFORMACIÓN GENERAL |
| campo de control de longitud fija |
ta |
| 008 - DATOS DE LONGITUD FIJA--INFORMACIÓN GENERAL |
| campo de control de longitud fija |
110303s2022 dr 000 0 spa d |
| 020 ## - NÚMERO INTERNACIONAL ESTÁNDAR DEL LIBRO |
| Número Internacional Estándar del Libro |
9789945250152 |
| 040 ## - FUENTE DE LA CATALOGACIÓN |
| Centro catalogador/agencia de origen |
DO-SdBNP |
| Lengua de catalogación |
spa |
| Centro/agencia transcriptor |
BNPHU |
| Normas de descripción |
rda |
| 082 ## - NÚMERO DE LA CLASIFICACIÓN DECIMAL DEWEY |
| Número de clasificación |
338.457291 |
| Número de documento/Ítem |
T685c |
| Número de edición |
22 |
| 110 ## - ENTRADA PRINCIPAL--NOMBRE DE ENTIDAD CORPORATIVA |
| 9 (RLIN) |
83335 |
| 245 10 - MENCIÓN DE TÍTULO |
| Título |
Crecimiento económico y transformaciones sociales : |
| Resto del título |
esclavos, hacendados y comerciantes en la Cuba colonial : 1760-1840 / |
| Mención de responsabilidad, etc. |
Pablo Tornero Tinajero |
| 264 ## - PRODUCCIÓN, PUBLICACIÓN, DISTRIBUCIÓN, FABRICACIÓN Y COPYRIGHT |
| Producción, publicación, distribución, fabricación y copyright |
Santo Domingo : |
| Nombre del de productor, editor, distribuidor, fabricante |
Archivo General de la Nación, |
| Fecha de producción, publicación, distribución, fabricación o copyright |
2022. |
| 300 ## - DESCRIPCIÓN FÍSICA |
| Extensión |
516 paginas. ; |
| Dimensiones |
24 cm. |
| 336 ## - TIPO DE CONTENIDO |
| Fuente |
rdacontent |
| Término de tipo de contenido |
texto |
| Código de tipo de contenido |
txt |
| 337 ## - TIPO DE MEDIO |
| Fuente |
rdamedia |
| Nombre/término del tipo de medio |
sin mediación |
| Código del tipo de medio |
n |
| 338 ## - TIPO DE SOPORTE |
| Fuente |
rdacarrier |
| Nombre/término del tipo de soporte |
volumen |
| Código del tipo de soporte |
nc |
| 490 ## - MENCIÓN DE SERIE |
| Mención de serie |
Archivo General de la Nación ; |
| Designación de volumen o secuencia |
439 |
| 505 ## - NOTA DE CONTENIDO CON FORMATO |
| Nota de contenido con formato |
Palabras para la presente edición / Roberto Cassá, 9.-- Introducción, 15.-- Capítulo I. La provisión de mano de obra esclava. Estado español y oligarquía criolla, 31.-- El apoyo político al desarrollo de la trata en Cuba, 34.-- La organización del tráfico negrero, 49.-- España y Cuba ante el problema de la abolición de la trata. Contradicciones y repercusiones en la oligarquía cubana, 108.-- Capítulo II. Caracteres demográficos de la esclavitud en Cuba, 153.-- Esclavitud y población en la isla de Cuba. Proporcionalidad y evolución general, 153.-- Demografía esclavista y producción, 160.-- Esclavitud y agricultura mixta, 178.-- Capítulo III. La producción azucarera cubana, 191.-- Los factores del cambio económico, 192.-- El despegue productor, 215.-- Producción. Mejora de las infraestructuras y renovación científica y técnica en el azúcar cubano, 237.-- Capítulo IV. El sistema económico azucarero. Factores de producción, 261.-- La tierra, 262.-- El trabajo, 277.-- El capital, 333.-- Capítulo V. El comercio exterior, 385.-- Planteamiento y estado de la cuestión, 385.-- El comercio en la economía de Cuba, 392.-- La estructura del comercio de Cuba, 398.-- Las condiciones del intercambio, 452.<br/> |
| 590 ## - NOTA LOCAL (RLIN) |
| Nota local |
inventariado, 2023 / DG |
| 650 ## - PUNTO DE ACCESO ADICIONAL DE MATERIA--TÉRMINO DE MATERIA |
| 9 (RLIN) |
61716 |
| 650 ## - PUNTO DE ACCESO ADICIONAL DE MATERIA--TÉRMINO DE MATERIA |
| 9 (RLIN) |
83348 |
| 910 ## - DATOS DE OPCIÓN DEL USUARIO (OCLC) |
| Datos de opción del usuario |
DG |
| 942 ## - ELEMENTOS DE PUNTO DE ACCESO ADICIONAL (KOHA) |
| Fuente del sistema de clasificación o colocación |
Dewey Decimal Classification |
| Tipo de ítem Koha |
Libro |